000
00281nam a22001337a 4500
008
170930b xxu||||| |||| 00| 0 eng d
020
_a
2900078127594
041
_a
eng
080
_a
37
100
_a
47
101
_a
EDU
245
_a
TAKING SIDES
_c
KATSH, M.E
942
_2
udc
_c
BK
999
_c
30992
_d
30992